Southville International School and Colleges
Your cart is empty.
  • Cart
  • Lists
    Public lists Eva Luna New books Lux_list list_1
    Your lists Log in to create your own lists
  • Log in to your account
  • Your cookies
  • Search history
Southville International School and Colleges
  • Advanced search
  • Recent comments
  • Most popular
  • Libraries

Log in to your account

Log in with GOOGLE


If you do not have an external account, but do have a local account, you can still log in:

  1. Home
  2. MARC view: Handling difficult people and situations :
Normal view MARC view ISBD view

Handling difficult people and situations : (Record no. 25288)

[ view plain ]
MARC details
000 -LEADER
fixed length control field 00826nam a2200253 a 4500
003 - CONTROL NUMBER IDENTIFIER
control field PILC
005 - DATE AND TIME OF LATEST TRANSACTION
control field 20160215075859.0
008 - FIXED-LENGTH DATA ELEMENTS--GENERAL INFORMATION
fixed length control field 120903s19uu xx 00 eng d
020 ## - INTERNATIONAL STANDARD BOOK NUMBER
International Standard Book Number 9781426018442
050 ## - LIBRARY OF CONGRESS CALL NUMBER
Classification number BF 637.I48
Item number .C761 2009
100 ## - MAIN ENTRY--PERSONAL NAME
Personal name Conlow, Rick.
245 ## - TITLE STATEMENT
Title Handling difficult people and situations :
Remainder of title lead people through adversity /
Statement of responsibility, etc Rick Conlow, Doug Watsabaugh.
260 ## - PUBLICATION, DISTRIBUTION, ETC. (IMPRINT)
Place of publication, distribution, etc Rochester, N.Y. :
Name of publisher, distributor, etc Axzo Press,
Date of publication, distribution, etc 2009.
300 ## - PHYSICAL DESCRIPTION
Extent 91 pages :
Other physical details illustrations ;
Dimensions 25 cm.
440 ## - SERIES STATEMENT/ADDED ENTRY--TITLE
Title Crisp Fifty-Minute Series Book.
500 ## - GENERAL NOTE
General note Crisp Fifty-Minute Series: Know how. Right now.
650 ## - SUBJECT ADDED ENTRY--TOPICAL TERM
Topical term or geographic name as entry element Interpersonal conflict.
650 ## - SUBJECT ADDED ENTRY--TOPICAL TERM
Topical term or geographic name as entry element Interpersonal relations.
650 ## - SUBJECT ADDED ENTRY--TOPICAL TERM
Topical term or geographic name as entry element Organizational behavior.
700 ## - ADDED ENTRY--PERSONAL NAME
Personal name Watsabaugh, Doug.
942 ## - ADDED ENTRY ELEMENTS (KOHA)
Koha item type Books
Source of classification or shelving scheme Library of Congress Classification
Call number prefix Foreign
Holdings
Withdrawn status Lost status Source of classification or shelving scheme Damaged status Home library Current library Shelving location Date acquired Source of acquisition Cost, normal purchase price Total Checkouts Full call number Barcode Date last seen Copy number Price effective from Koha item type
    Library of Congress Classification   College Library College Library General Circulation Section 09/01/2012 Library Fund 1241.00   BF 637.I48 .C761 2009 C15297 05/15/2018 1 10/18/2013 Books
    Library of Congress Classification   College Library College Library General Circulation Section 01/20/2014 Library Fund     BF 637.I48 .C761 2009 C12813 05/15/2018 2 01/20/2014 Books

Handling difficult people and situations :

APA

Conlow R., Watsabaugh D., . (2009). Handling difficult people and situations. Rochester, N.Y: Axzo Press.

Chicago

Conlow Rick, Watsabaugh Doug, . 2009. Handling difficult people and situations. Rochester, N.Y: Axzo Press.

Harvard

Conlow R., Watsabaugh D., . (2009). Handling difficult people and situations. Rochester, N.Y: Axzo Press.

MLA

Conlow Rick, Watsabaugh Doug, . Handling difficult people and situations. Rochester, N.Y: Axzo Press. 2009.

  • Place hold
  • Print
  • Cite
  • Add to your cart (remove)
  • Save record
    BIBTEX Dublin Core MARCXML MARC (non-Unicode/MARC-8) MARC (Unicode/UTF-8) MARC (Unicode/UTF-8, Standard) MODS (XML) RIS
  • More searches
    Search for this title in:
    Other Libraries (WorldCat) Other Databases (Google Scholar) Online Stores (Bookfinder.com) Open Library (openlibrary.org)

Exporting to Dublin Core...

SOUTHVILLE LIBRARY

Southville International School and Colleges Library

1281 Tropical Ave. Cor. Luxembourg St., BF Homes International, Las Pinas City

Tel. No. 8256374 / 252358 Loc. 117/146

Powered by Koha